| 000 | 00591nam a2200169 i 4500 | ||
|---|---|---|---|
| 001 | 86025 | ||
| 003 | ES-MaACL | ||
| 005 | 20250208063123.0 | ||
| 007 | t| | ||
| 008 | 041207s1962 sp ||||1| spa d | ||
| 100 | 0 |
_aKennedy, John F., _d1917-1963 _9239598 |
|
| 245 | 1 | 0 |
_aTexto del mensaje sobre el estado de la Unión dirigida al Congreso de los Estados Unidos / _cpor el presidente, John F. Kennedy el 11 de enero de 1962. |
| 260 |
_a[Madrid : _bCasa Americana, _c1962] |
||
| 300 |
_a26 p. ; _c16 cm. |
||
| 852 |
_aES-MaACL _j2024-F-10 _bR.50304 |
||
| 999 |
_c86025 _d86025 |
||